| 000 | 00983 a2200301 4500 | ||
|---|---|---|---|
| 001 | 200153663 | ||
| 999 |
_c200153663 _d36299 |
||
| 003 | TR-AnTOB | ||
| 005 | 20220401170713.0 | ||
| 008 | 140122s2013 tu -- aa | ||
| 020 | _aVFB08062 | ||
| 040 | _aTR-AnTOB ,rda | ||
| 041 | _aeng | ||
| 050 |
_aPN1997 _bG36 1982 |
||
| 090 | _aPN1997 G36 1982 | ||
| 245 | 1 | 0 |
_aGandhi / _cdirected by Richard Attenborough. |
| 264 | 1 |
_aCarolina Bank Ltd.: _bCarolina Bank Ltd., _c1982 |
|
| 300 |
_a1 DVD ( 183mins): _brenkli ; _c4 3/4 in. |
||
| 336 | _atwo-dimensional moving image, $ $, $3DVD | ||
| 337 |
_avideo, _bbv, _22rdamedia, _33DVD |
||
| 338 |
_avideodisc, _bbvd, _22rdacarrier, _33DVD |
||
| 546 | _aLisanlar: İngilizce ,Türkçe;Altyazı:Türkçe. | ||
| 586 | _aBerlin Uluslararası Film Festivali 1994 Gümüş ayı En iyi Yönetmen. | ||
| 650 | 0 | 7 |
_aSinema filmi _2etuturkob _970846 |
| 650 | 0 | 7 |
_aBiyografi _y20. yüzyıl _2etuturkob _926088 |
| 903 | _aMerkez Kütüphane | ||
| 942 | _cBK | ||